000 01513cam a2200421 i 4500
001 bg
003 KOSZ 005
005 20200527145038.0
008 990506s1984 pl f f |000 0 pol
015 _aPB 1984/9693
020 _a8301000198
040 _aWA N
_cWA N
_dKOSZ 005/HR
080 _a624.014.2
080 _a744
080 _a(075.8)
100 1 _aŁubiński, Mieczysław
_d(1921-2004)
_eAutor
245 1 0 _aWymiarowanie konstrukcji stalowych metodą stanów granicznych /
_cMieczysław Łubiński, Andrzej Filipowicz, Wojciech Żółtowski.
250 _aWyd. 3.
260 _aWarszawa ;
_aŁódź :
_bPaństwowe Wydawnictwo Naukowe,
_c1984.
300 _a524, [3] s., [1] k. tabl. ;
_c24 cm.
336 _2rdacontent
_aTekst
_btxt
337 _2rdamedia
_aBez urządzenia pośredniczącego
_bn
338 _2rdacarrier
_aWolumin
_bnc
380 _aKsiążki
380 _aPublikacje dydaktyczne
385 _mPoziom nauczania
_aSzkoły wyższe
388 _a1901-2000
388 _a1945-1989
650 4 _aKonstrukcje stalowe
655 4 _aPodręczniki akademickie
655 4 _aRysunek techniczny
658 _aArchitektura i budownictwo
700 1 _aFilipowicz, Andrzej
_d(1938- )
_eAutor
700 1 _aŻółtowski, Wojciech
_d(1936-2015)
_eAutor
710 2 _aPaństwowe Wydawnictwo Naukowe
_4pbl
856 _uhttp://koha.tu.koszalin.pl/cgi-bin/koha/opac-detail.pl?biblionumber=1045
_yKatalog online BPK
942 _2UKD
_cKS
999 _c1045
_d1045